LIBRARY & INFORMATION CENTRE, KCAET, TAVANUR

ONLINE PUBLIC ACCESS CATALOGUE (OPAC)

Text book of electrical engineering materials / (Record no. 10243)

MARC details
000 -LEADER
fixed length control field 00397cam a2200157ua 4500
003 - CONTROL NUMBER IDENTIFIER
control field OSt
008 - FIXED-LENGTH DATA ELEMENTS--GENERAL INFORMATION
fixed length control field 250130b |||||||| |||| 00| 0 eng d
041 ## - LANGUAGE CODE
Language code of text/sound track or separate title eng
082 ## - DEWEY DECIMAL CLASSIFICATION NUMBER
Classification number 621.3028
Item number KAP/TE
100 ## - MAIN ENTRY--AUTHOR NAME
Personal name Kapoor, P L .
245 ## - TITLE STATEMENT
Title Text book of electrical engineering materials /
250 ## - EDITION STATEMENT
Edition statement 1 /
260 ## - PUBLICATION, DISTRIBUTION, ETC. (IMPRINT)
Place of publication Delhi :
Name of publisher Khanna publishers ,
Year of publication 1994.
300 ## - PHYSICAL DESCRIPTION
Number of Pages 384 ; .
942 ## - ADDED ENTRY ELEMENTS (KOHA)
Koha item type Books
Holdings
Withdrawn status Lost status Damaged status Home library Current library Date acquired Full call number Accession Number Koha item type
      KAUAET KAUAET 07/04/2012 621.3028 KAP/TE 18795 Books
      KAUAET KAUAET 07/04/2012 621.3028 KAP/TE 18794 Books
free website counter